| 000 | 00372nam a2200169Ia 4500 | ||
|---|---|---|---|
| 008 | 221030s9999 xx 000 0 und d | ||
| 020 | _a0070591148 | ||
| 041 | _aEnglish | ||
| 082 | _a105.23 | ||
| 100 | _aP. K. Nag | ||
| 245 | 0 | _aEngineering Thermodynamics | |
| 250 | _a3rd | ||
| 260 |
_bTMH _aNew Delhi _c2007 |
||
| 300 | _a826 | ||
| 650 | _aMechanical | ||
| 942 | _cBK | ||
| 999 |
_c5588 _d5588 |
||